| 000 | 01546nam a2200301 4500 | ||
|---|---|---|---|
| 001 | 195 | ||
| 003 | OSt | ||
| 005 | 20250528074014.0 | ||
| 008 | 250203b |||||||g |||| 00| 1 eng d | ||
| 020 | _a857302318X | ||
| 040 | _bpor | ||
| 041 |
_hrus _apor |
||
| 082 |
_a891.73 _bD326e |
||
| 100 | 1 |
_aDejnióv, Nikolai. _d1962- _9358 |
|
| 240 | _aIn concert Performance | ||
| 245 |
_aEm ritmo de concerto / _cDejnióv, Nikolai ; Tradução de Paulo Bezerra |
||
| 260 |
_aRio de Janeiro _bObjetiva _c2001 |
||
| 300 | _a333 p. | ||
| 520 | _aUma bem humorada história de amor na Moscou dos dias de hoje. Uma brilhante sátira sóciopolítica. Uma história de enredo fantástico e narrativa envolvente. Lucário é um anjo que volta a Terra para expiar pecados de seu passado. Vivendo como duende na casa de uma velha senhora, vê seu mundo transformar-se quando conhece Ana, a bela sobrinha da mulher. Lucário passará a viver õ maior dos dilemas - seguir o caminho em direção a purificação total de seu espírito ou tomar a forma humana para tentar conquistar o amor de Ana. Em Ritmo de Concerto envolve o leitor com seu enredo fantástico, mas convincente, seguindo a melhor tradição do realismo mágico, sua trama bem desenvolvida e uma narrativa fluente, com pitadas de humor e ironia. | ||
| 650 | 0 |
_aLiteratura Russa _9195 |
|
| 650 | 0 |
_aAmor e Paixão _925 |
|
| 650 | 0 |
_aHumor _960 |
|
| 650 | 0 |
_aPolitica _9138 |
|
| 655 | 0 |
_aRomance _923 |
|
| 655 | 0 |
_aFicção _922 |
|
| 700 |
_aPaulo Bezerra _eTradutor _9359 |
||
| 942 |
_2ddc _n0 _cBK |
||
| 999 |
_c195 _d195 |
||